000 00353nam a22001457a 4500
008 27b ||||| |||| 00| 0 eng d
020 _a21042901933890516
041 _aeng
080 _24th
_a338
082 _a338
100 _a53
101 _aMEN
245 _aA Guide to the Project Management Body of Knowledge (PMBOK Guide)
_cFSC
942 _2udc
_cBK
999 _c56829
_d56829